000 00723nam a2200229 i 4500
001 bgj
245 0 0 _aReadability :
_bits past, present and future /
_cBeverley L. Zakaluk, S. Jay Samuels, editors.
260 _aNewark, De :
_bInternational Reading Association,
_cc. 1988.
300 _aXII, 144 pp ;
_c22 cm.
504 _aReferences after each chapter.
650 9 _aTextbooks
_xReadability
650 9 _aReadability (Literary style)
650 9 _aReading comprehension
700 1 _aZAKALUK, Beverley L.
_eed.
700 1 _aSAMUELS, S. Jay.
_eed.
020 _a0872077950 (pbk)
040 _cBPK
041 0 _aeng
920 _a0-87207-795-0 (pbk)
942 _cKS
008 s uk f |000 0 eng
999 _c41366
_d41366
856 _uhttp://koha.tu.koszalin.pl/cgi-bin/koha/opac-detail.pl?biblionumber=41366
_yKatalog online BPK